An introduction to Swaminarayan Hindu theology (Record no. 23538)

MARC details
000 -LEADER
fixed length control field 02635cam a22001938i 4500
020 ## - INTERNATIONAL STANDARD BOOK NUMBER
ISBN 9781107158672 (hardback)
020 ## - INTERNATIONAL STANDARD BOOK NUMBER
ISBN 9781316611272 (paperback)
082 00 - DEWEY DECIMAL CLASSIFICATION NUMBER
Classification number 294.556
Author Cutter PAR
100 0# - MAIN ENTRY--AUTHOR NAME
Author name Paramtattvadas,
245 13 - TITLE STATEMENT
Title An introduction to Swaminarayan Hindu theology
260 ## - PUBLICATION, DISTRIBUTION, ETC. (IMPRINT)
Place of publication Cambridge, United Kingdom,
Name of publisher Cambridge University Press
Year of publication 2017
300 ## - PHYSICAL DESCRIPTION
Number of Pages 353 pages cm.
505 ## - FORMATTED CONTENTS NOTE
Formatted contents note <br/>Foreword Gavin Flood; 1. Prolegomenon; Part I. Sources and Tools of Swaminarayan Hindu Theology: 2. Introduction: the imperceptibility and ineffability of God; 3. Revelation: the exclusive source of Swaminarayan Hindu theology; 4. Reason, praxis and tradition: the tools of Swaminarayan Hindu theology; Part II. Themes of Swaminarayan Hindu Theology: 5. Introduction: the five eternal entities of Swaminarayan Hinduism; 6. Parabrahman; 7. Akṣarabrahman; 8. Jīva; 9. Īśvara; 10. Māyā; 11. Mukti; 12. Afterword: the way forward; Appendix: theological principles of BAPS Swaminarayan Sanstha: creedal statement by Pramukh Swami Maharaj; Glossary.
520 ## - SUMMARY, ETC.
Summary, etc <br/>Since its inception over two hundred years ago, Swaminarayan Hinduism has flourished into a transnational movement described as one of the fastest growing Hindu groups in the world. Despite being one of the largest and most visible Hindu traditions both in India and the West, surprisingly little is known about what the Swaminarayan fellowship believes. An Introduction to Swaminarayan Hindu Theology provides a comprehensive doctrinal account of the Swaminarayan tradition's belief system, drawing on its rich corpus of theological literature, including the teachings of Swaminarayan himself and classical commentaries on canonical Vedāntic texts. Part I delineates the sources and tools of Swaminarayan Hindu theology, while Part II systematically expounds upon its distinctive five eternal entities - Parabrahman, Akṣarabrahman, māyā, īśvara and jīva - and mukti (spiritual liberation). In presenting these key themes theologically and lucidly, Swami Paramtattvadas makes the Swaminarayan Hindu belief system intelligible to scholars, students and serious readers<br/><br/><br/>"Since its inception over 200 years ago, Swaminarayan Hinduism has flourished into a transnational movement described as one of the fastest growing Hindu groups in the world. Despite being one of the largest and most visible Hindu traditions both in India and the West, surprisingly little is known about what the Swaminarayan fellowship believes"--
650 #0 - SUBJECT ADDED ENTRY--TOPICAL TERM
Topical Term Swami-Narayanis
650 #7 - SUBJECT ADDED ENTRY--TOPICAL TERM
Topical Term RELIGION / Buddhism / General (see also PHILOSOPHY / Buddhist).
942 ## - ADDED ENTRY ELEMENTS (KOHA)
Koha item type Books
Holdings
Home library Current library Shelving location Date acquired Source of acquisition Cost, normal purchase price Full call number Accession Number Koha item type
Henry Martyn Institute Library Henry Martyn Institute Library General stacks 06/26/2025 Kohinoor Book Distributor 3617.00 294.556 PAR 25984 Books
                   Copyright © 2026 | Henry Martyn Institute | Hyderabad | TS-500052 | INDIA | Implemented by hmi.edu.in
Hit-Count:

Powered by Koha